Marcatori dell'Atalanta in UEFA Europa League 2021-2022 - Statistics

Statistiche generali
  • Questo quiz è stato fatto 20 volte
  • Il punteggio medio è 5 su 10
Statistiche sulle risposte
Partita Minuto Marcatore % Corretto
Atalanta - Bayer Leverkusen 3-2 25' Luis Muriel
94%
Atalanta - Bayer Leverkusen 3-2 49' Luis Muriel
94%
RB Lipsia - Atalanta 1-1 17' Luis Muriel
94%
Atalanta - Olympiakos 2-1 61' Berat Djimsiti
47%
Atalanta - Olympiakos 2-1 63' Berat Djimsiti
47%
Bayer Leverkusen - Atalanta 0-1 91' Jérémie Boga
47%
Olympiakos - Atalanta 0-3 67' Ruslan Malinovs'kyj
24%
Olympiakos - Atalanta 0-3 69' Ruslan Malinovs'kyj
24%
Atalanta - Bayer Leverkusen 3-2 23' Ruslan Malinovs'kyj
24%
Olympiakos - Atalanta 0-3 40' Joakim Mæhle
18%
Nessun quiz corrispondente trovato
Distribuzione punteggi
Percentuale di utenti per punteggio
Percentile per numero di risposta
I tuoi punteggi nel tempo
Non hai fatto questo quiz